| 000 | 02412nam a2200289 a 4500 | ||
|---|---|---|---|
| 005 | 20240305165419.0 | ||
| 007 | cr ||||||||||| | ||
| 008 | 140305s2013 sp |||||s|||||0|| ||spa|c | ||
| 020 | _a9788415923275 | ||
| 035 | _a11826 | ||
| 040 | _dvLex | ||
| 090 |
_c4724 _d4724 |
||
| 245 | 0 | 4 |
_aLas Reformas sobre el sistema de negociación colectiva en España _h[Recurso electrónico] / _cMargarita Isabel Ramos Quintana (directora) ; María del Carmen Grau Pineda (coordinadora) ; M. Carlos Palomeque López ... [et al.] |
| 256 | _aServicio en línea | ||
| 260 |
_aAlbacete : _bBomarzo, _c2013 |
||
| 300 | _a1 recurso electrónico (184 p.) | ||
| 500 | _aLa reforma laboral y su impacto en el sistema de negociación colectiva. La reforma sobre el sistema de negociación colectiva: un análisis crítico. La estructura y articulación de la negociación colectiva. Estructura de la negociación colectiva y flexibilidad interna: la preferencia del convenio colectivo de empresa en la ordenación de las condiciones de trabajo. Inaplicación de convenios colectivos: causas, procedimientos y efectos sobre las relaciones individuales de trabajo. La inaplicación parcial o descuelgue de convenios colectivos: puntos críticos y posibles respuestas desde la autonomía colectiva. Contenido de la negociación colectiva y modificación de condiciones de trabajo establecidas en convenio colectivo. Aplicación temporal del convenio colectivo: finalización del convenio y régimen posterior de condiciones de trabajo (ultraactividad). Negociación colectiva en Canarias: una revisión de problemas específicos y soluciones alternativas. El tratamiento del empleo en la negociación colectiva. | ||
| 506 | 1 |
_aContenido solo disponible en los productos indicados _dvLex Global _dvLex Global (Academic Edition, excluding Law Schools) _dvLex Global (U.S. Academic Edition, Law Schools) _dvLex Global (U.S. Academic Edition, excluding Law Schools) _dvLex Global (Academic Edition, Law Schools) |
|
| 650 | 4 | _aConvenios colectivos de trabajo | |
| 650 | 4 | _aNegociaciones colectivas de trabajo | |
| 700 | 1 |
_aRamos Quintana, Margarita Isabel, _edir. |
|
| 700 | 1 |
_aGrau Pineda, Carmen, _ecoord. |
|
| 700 | 1 | _aPalomeque López, Manuel Carlos | |
| 740 | 0 | _avLex Libros (Servicio en línea) | |
| 856 | 4 | 0 | _uhttps://app.vlex.com/#/sources/reformas-sobre-el-sistema-de-negociacion-colectiva-en-espa-a-11826 |
| 942 | _cRAA | ||
| 999 |
_c163080 _d163080 |
||